| 000 | 01072cab a2200265 4500 | ||
|---|---|---|---|
| 001 | ABS45839 | ||
| 008 | 090401t1992 xxu||||| |||| 00| 0 eng d | ||
| 035 | _a(Sirsi) u55362 | ||
| 041 | _aeng | ||
| 245 | _aBuilding Regulations 1991 Part B - fire safety | ||
| 260 | _c1992 | ||
| 350 | _a0 | ||
| 490 |
_aSurveying Technician _v19(3) February/March 1992, 7(1) |
||
| 520 | _aAssesses Building Regulations 1991 part B on fire safety which come into force on 1 June 1992 and are a consolidation of amendments to existing regulations giving a greater emphasis towards saving life rather than protecting property. Covers sprinklers, fire resistance, alarms, loft conversions, stairways and means of escape. | ||
| 650 | _aBUILDING REGULATIONS 1991 | ||
| 650 | _aFIRE ALARMS | ||
| 650 | _aFIRE RESISTANCE | ||
| 650 | _aMANAGEMENT-HEALTH AND SAFETY-FIRE SAFETY | ||
| 650 | _aLOFT CONVERSIONS | ||
| 650 | _aMEANS OF ESCAPE | ||
| 690 | _aBUILDING AND CONSTRUCTION-REGULATIONS | ||
| 690 | _aBUILT ENVIRONMENT-BUILDING STANDARDS | ||
| 942 | _n0 | ||
| 948 | _c04/03/1997 | ||
| 999 |
_c33815 _d33815 |
||